[Event "Hessen-ch op-B"]
[Site "Floersheim"]
[Date "2016.05.06"]
[Round "3"]
[White "Koestler, Peter"]
[Black "Wilke, Tabea"]
[Result "1/2-1/2"]
[WhiteElo "1902"]
[BlackElo "1739"]
[PlyCount "74"]
[EventDate "2016.05.05"]
[EventType "swiss"]
[EventRounds "7"]
[EventCountry "GER"]
[SourceTitle "EXT 2022"]
[Source "ChessBase"]
[SourceDate "2021.10.06"]
[SourceVersion "1"]
[SourceVersionDate "2021.10.06"]
[SourceQuality "1"]

1. d4 d5 2. Bf4 Nf6 3. e3 e6 4. Nf3 c5 5. c3 Nc6 6. Nbd2 cxd4 7. exd4 Bd6 8. Bg3 0-0 9. Bd3 Ne7 10. 0-0 a5 11. Ne5 b6 12. Qe2 Bb7 13. f4 Qc8 14. Bh4 Nd7 15. Ndf3 Nf5 16. Be1 Nf6 17. g4 Ne7 18. Nd2 Ba6 19. g5 Bxd3 20. Qxd3 Nd7 21. Rf3 Bxe5 22. fxe5 Nf5 23. Rh3 Re8 24. Qf3 Nf8 25. Nf1 Ng6 26. Ne3 Nxe3 27. Qxe3 Ra7 28. Bd2 Qc7 29. Rf1 a4 30. a3 Qc4 31. Qf3 Qb3 32. Bc1 Qc2 33. Qh5 Nf8 34. Rhf3 Qg6 35. Qg4 Ree7 36. h4 h5 37. Qg2 Nh7 1/2-1/2

[Event "Rhein Main op-B 18th"]
[Site "Bad Homburg"]
[Date "2015.06.06"]
[Round "6"]
[White "Koestler, Peter"]
[Black "Flach, Helene"]
[Result "1-0"]
[WhiteElo "1906"]
[BlackElo "1702"]
[PlyCount "39"]
[EventDate "2015.06.03"]
[EventType "swiss"]
[EventRounds "7"]
[EventCountry "GER"]
[SourceTitle "CBM 167 Extra"]
[Source "ChessBase"]
[SourceDate "2015.09.14"]
[SourceVersion "1"]
[SourceVersionDate "2015.09.14"]
[SourceQuality "1"]

1. d4 d5 2. Bf4 Bf5 3. Nf3 e6 4. e3 c5 5. c3 Nf6 6. Bxb8 Qxb8 7. Bb5+ Nd7 8. Ne5 Ke7 9. Nxd7 Qc7 10. Nxc5 e5 11. 0-0 f6 12. Bd3 e4 13. Be2 Kf7 14. Qb3 Be6 15. Nxe6 Kxe6 16. c4 dxc4 17. Bxc4+ Kf5 18. Be6+ Kg6 19. Nc3 Qc6 20. Bd5 1-0

[Event "Karl Mala Memorial op 15th"]
[Site "Frankfurt"]
[Date "2012.07.05"]
[Round "1"]
[White "Muckle, Richard"]
[Black "Koestler, Peter"]
[Result "0-1"]
[WhiteElo "1174"]
[BlackElo "1932"]
[PlyCount "64"]
[EventDate "2012.07.05"]
[EventType "swiss"]
[EventRounds "7"]
[EventCountry "GER"]
[SourceTitle "CBM 149 Extra"]
[Source "ChessBase"]
[SourceDate "2012.08.24"]
[SourceVersion "1"]
[SourceVersionDate "2012.08.24"]
[SourceQuality "1"]

1. d4 Nf6 2. Nf3 e6 3. Bg5 c5 4. c3 Nc6 5. e3 Be7 6. dxc5 Bxc5 7. Be2 0-0 8. 0-0 d5 9. Nbd2 h6 10. Bxf6 Qxf6 11. Nb3 Bb6 12. Nfd4 e5 13. Nxc6 bxc6 14. Bg4 Qh4 15. Bxc8 Raxc8 16. Qf3 f5 17. Qg3 Qf6 18. Qf3 Bc7 19. Qe2 Qg5 20. Nc5 Qe7 21. Nb3 Rce8 22. Rad1 Qg5 23. Qa6 Bb6 24. Qb7 Re6 25. Qd7 Rg6 26. g3 f4 27. Kg2 Qh5 28. exf4 exf4 29. Qe7 f3+ 30. Kg1 Qh3 31. Qxf8+ Kxf8 32. Kh1 Qg2# 0-1

[Event "Rhein Main op-B 15th"]
[Site "Bad Homburg"]
[Date "2012.06.10"]
[Round "7"]
[White "Koestler, Peter"]
[Black "Schenk, Thomas"]
[Result "1/2-1/2"]
[WhiteElo "1917"]
[BlackElo "1429"]
[PlyCount "148"]
[EventDate "2012.06.06"]
[EventType "swiss"]
[EventRounds "7"]
[EventCountry "GER"]
[SourceTitle "EXT 2013"]
[Source "ChessBase"]
[SourceDate "2012.11.22"]
[SourceVersion "1"]
[SourceVersionDate "2012.11.22"]
[SourceQuality "1"]

1. d4 Nf6 2. Nf3 g6 3. Bf4 Bg7 4. e3 0-0 5. Bc4 d6 6. h3 c5 7. c3 cxd4 8. exd4 Nbd7 9. 0-0 b6 10. Re1 Bb7 11. Nbd2 Re8 12. Qb3 d5 13. Bb5 a6 14. Bd3 a5 15. Bb5 e6 16. Bg5 Re7 17. Ne5 h6 18. Bh4 g5 19. Bg3 Nxe5 20. Bxe5 Ne4 21. Bxg7 Nxd2 22. Qd1 Kxg7 23. Qxd2 Ba6 24. Ba4 Qd6 25. Bc2 Rae8 26. Rad1 Kg8 27. Bb1 e5 28. dxe5 Rxe5 29. Rxe5 Rxe5 30. Bd3 Bxd3 31. Qxd3 Qe6 32. Kf1 Qc6 33. b3 a4 34. Qd4 Re4 35. Qxd5 Qxd5 36. Rxd5 axb3 37. axb3 Re6 38. Rb5 Kf8 39. c4 Ke7 40. f3 f6 41. Kf2 h5 42. Kg3 Kf7 43. h4 Kg6 44. hxg5 fxg5 45. b4 Kf6 46. c5 bxc5 47. bxc5 Re2 48. Rb6+ Kf5 49. Rc6 Rc2 50. Rc8 h4+ 51. Kh3 Rc1 52. Kh2 Kf6 53. c6 Kg7 54. Kh3 Rc4 55. c7 Kh7 56. Re8 Rxc7 57. Kg4 Rc2 58. Kxg5 Rxg2+ 59. Kxh4 Kg7 60. Re4 Kf6 61. Rf4+ Ke5 62. Rg4 Rf2 63. Kg3 Rf1 64. Rg5+ Kf6 65. Ra5 Rb1 66. Kg4 Rb6 67. f4 Rc6 68. Rh5 Kg6 69. f5+ Kg7 70. Kf4 Rc4+ 71. Kg5 Rc1 72. f6+ Kf7 73. Rh7+ Kg8 74. f7+ Kf8 1/2-1/2

[Event "Rhein Main op-B 15th"]
[Site "Bad Homburg"]
[Date "2012.06.07"]
[Round "3"]
[White "Koestler, Peter"]
[Black "Puzzo, Peter"]
[Result "1-0"]
[WhiteElo "1917"]
[BlackElo "1650"]
[PlyCount "39"]
[EventDate "2012.06.06"]
[EventType "swiss"]
[EventRounds "7"]
[EventCountry "GER"]
[SourceTitle "EXT 2013"]
[Source "ChessBase"]
[SourceDate "2012.11.22"]
[SourceVersion "1"]
[SourceVersionDate "2012.11.22"]
[SourceQuality "1"]

1. d4 d5 2. Nf3 Nf6 3. Bf4 e6 4. e3 Be7 5. Bd3 c5 6. c3 0-0 7. Nbd2 Nc6 8. Ne5 Nd7 9. Qf3 f5 10. g4 Ndxe5 11. dxe5 d4 12. exd4 cxd4 13. gxf5 dxc3 14. bxc3 exf5 15. Rg1 Be6 16. Nc4 Bd5 17. Qg3 Rf7 18. Ne3 Be4 19. Bxe4 fxe4 20. e6 1-0

[Event "Karl Mala Memorial op 14th"]
[Site "Frankfurt"]
[Date "2011.07.10"]
[Round "6"]
[White "Koestler, Peter"]
[Black "Nothnagel, Marian Can"]
[Result "0-1"]
[WhiteElo "1937"]
[BlackElo "1613"]
[PlyCount "82"]
[EventDate "2011.07.07"]
[EventType "swiss"]
[EventRounds "7"]
[EventCountry "GER"]
[SourceTitle "EXT 2012"]
[Source "ChessBase"]
[SourceDate "2011.11.24"]
[SourceVersion "1"]
[SourceVersionDate "2011.11.24"]
[SourceQuality "1"]

1. d4 d5 2. Nf3 e6 3. Bf4 c5 4. c3 Nc6 5. e3 Nf6 6. Nbd2 Bd6 7. Bg3 0-0 8. Ne5 Qc7 9. f4 Bd7 10. Bd3 cxd4 11. exd4 Qb6 12. Qb3 Qxb3 13. axb3 Bxe5 14. fxe5 Nh5 15. 0-0 Nxg3 16. hxg3 f5 17. b4 Ne7 18. Nb3 b6 19. Ra3 Rfc8 20. b5 g5 21. Rfa1 Rc7 22. Be2 g4 23. Kf2 Kg7 24. Nd2 Ng6 25. Ke3 h5 26. Ra6 Rb7 27. b3 Kh6 28. c4 Kg5 29. Nb1 f4+ 30. gxf4+ Nxf4 31. Bf1 h4 32. Nc3 h3 33. g3 Nh5 34. Ne2 dxc4 35. bxc4 Rc7 36. Kd3 Rf8 37. Ke3 Rxc4 38. Rxa7 Bxb5 39. Rb1 Rf3+ 40. Kd2 Bc6 41. Ng1 Rxd4+ 0-1

[Event "Rhein Main op-B 14th"]
[Site "Bad Homburg"]
[Date "2011.06.26"]
[Round "7"]
[White "Koestler, Peter"]
[Black "Fischer, Ulrich"]
[Result "1/2-1/2"]
[WhiteElo "1937"]
[BlackElo "1727"]
[PlyCount "76"]
[EventDate "2011.06.22"]
[EventType "swiss"]
[EventRounds "7"]
[EventCountry "GER"]
[SourceTitle "EXT 2012"]
[Source "ChessBase"]
[SourceDate "2011.11.24"]
[SourceVersion "1"]
[SourceVersionDate "2011.11.24"]
[SourceQuality "1"]

1. d4 d5 2. Nf3 Nf6 3. Bf4 c5 4. c3 Qb6 5. Qb3 Nc6 6. e3 c4 7. Qxb6 axb6 8. Nbd2 b5 9. Be2 b4 10. 0-0 Bg4 11. h3 Bh5 12. g4 Bg6 13. Ne5 Nxe5 14. dxe5 bxc3 15. bxc3 Ne4 16. Nxe4 Bxe4 17. f3 Bc2 18. Rfc1 Ba4 19. e4 dxe4 20. fxe4 e6 21. Bxc4 Ba3 22. Rcb1 0-0 23. Bb3 Rfc8 24. Bxa4 Rxa4 25. Rb3 Bc5+ 26. Kg2 Rxe4 27. Kf3 Rc4 28. Bd2 b6 29. Re1 Ra8 30. Rb2 Raa4 31. Re2 Kf8 32. Be1 Ke7 33. Bf2 Rxc3+ 34. Kg2 Bxf2 35. Rxf2 Rc6 36. Rb3 Ra5 37. Rbf3 f6 38. exf6+ gxf6 1/2-1/2

[Event "Karl Mala Memorial op 13th"]
[Site "Frankfurt"]
[Date "2010.07.10"]
[Round "5"]
[White "Koestler, Peter"]
[Black "Wagner, Stefan1111"]
[Result "1/2-1/2"]
[WhiteElo "1822"]
[BlackElo "1905"]
[PlyCount "68"]
[EventDate "2010.07.08"]
[EventType "swiss"]
[EventRounds "7"]
[EventCountry "GER"]
[SourceTitle "EXT 2012"]
[Source "ChessBase"]
[SourceDate "2011.11.24"]
[SourceVersion "1"]
[SourceVersionDate "2011.11.24"]
[SourceQuality "1"]

1. d4 Nf6 2. Nf3 e6 3. Bf4 b6 4. e3 Bb7 5. c3 c5 6. Nbd2 Be7 7. Nc4 d5 8. Nce5 0-0 9. Be2 Nbd7 10. h3 cxd4 11. exd4 a6 12. 0-0 Rc8 13. Bd3 b5 14. Nxd7 Nxd7 15. a3 Re8 16. Re1 Nf8 17. Ne5 Bd6 18. Bh2 f6 19. Nf3 Bxh2+ 20. Kxh2 Qd6+ 21. Kg1 Rc7 22. Bc2 a5 23. a4 b4 24. cxb4 Qxb4 25. Bb3 Rec8 26. Qd3 Rc6 27. Re3 Ba6 28. Qd1 Nd7 29. Ne1 Qb6 30. Qg4 Nf8 31. h4 Bc4 32. Qd1 Rb8 33. Ra3 Qc7 34. Qd2 Qb6 1/2-1/2

[Event "Rhein Main op 12th"]
[Site "Bad Homburg"]
[Date "2009.06.13"]
[Round "5"]
[White "Koestler, Peter"]
[Black "Scheerer, Michael"]
[Result "1-0"]
[WhiteElo "1839"]
[BlackElo "1434"]
[PlyCount "61"]
[EventDate "2009.06.10"]
[EventType "swiss"]
[EventRounds "7"]
[EventCountry "GER"]
[SourceTitle "CBM 131 Extra"]
[Source "ChessBase"]
[SourceDate "2009.09.03"]
[SourceVersion "2"]
[SourceVersionDate "2009.09.16"]
[SourceQuality "1"]

1. d4 d5 2. Nf3 Nf6 3. Bf4 e6 4. e3 Be7 5. Nbd2 0-0 6. c3 c5 7. h3 Nc6 8. Ne5 Nxe5 9. Bxe5 Bd6 10. Nf3 Bxe5 11. Nxe5 cxd4 12. exd4 Nd7 13. Nf3 Nf6 14. Bd3 Bd7 15. Ne5 Rc8 16. Qf3 Qb6 17. 0-0-0 Bb5 18. Bb1 Rc7 19. h4 Rfc8 20. Rh3 Bc4 21. g4 Qa6 22. Nxc4 dxc4 23. g5 Nd5 24. Qe4 g6 25. h5 Qd6 26. Rh4 f5 27. gxf6 Nxf6 28. Qg2 Rg7 29. hxg6 hxg6 30. Rdh1 Nh5 31. Bxg6 1-0